000 00566nam a2200217Ia 4500
005 20250923145032.0
008 008 250917s9999 xx 000 0 eng d
037 _aTextual
040 _aDSWL
_beng
_cDSWL
041 _aeng
_2eng
084 _qDSWL
100 _aCahnman, W.J.
_9831118
245 0 _aSociology and history
_cby W.J. Cahnman
260 _aLondon
_bFree Press of Glencoe
_c1964
300 _axxiv,785 p.
365 _aUSD
_b9.95
700 _aA. Boskoff
_9831119
925 _g9.95
942 _cTEXL
999 _c1446293
_d1446293